000 00782nam a2200193Ia 4500
008 151119s9999||||xx |||||||||||||| ||und||
082 _a616गाला/मधुमे
082 _bGKKV32020
100 _aगाला ध रा
245 _aमधुमेह व उच्च रक्तदाब दूर ठेवा जन्मभर
260 _aमुंबई
260 _bनवनीत प्रकाशन
260 _c2012
600 _aगाला ध रा
630 _aमधुमेह व उच्च रक्तदाब दूर ठेवा जन्मभर
700 _aगाला ध रा
730 _aमधुमेह व उच्च रक्तदाब दूर ठेवा जन्मभर
942 _cBOOK
999 _c1084330
_d1084327